Design, Experimentation and Analysis of Mechanical Model using EMG signals for Hand Rehabilitation / (Record no. 609110)

000 -LEADER
fixed length control field 01481nam a22001577a 4500
082 ## - DEWEY DECIMAL CLASSIFICATION NUMBER
Classification number 610
100 ## - MAIN ENTRY--PERSONAL NAME
Personal name Ajdar Ullah
245 ## - TITLE STATEMENT
Title Design, Experimentation and Analysis of Mechanical Model using EMG signals for Hand Rehabilitation /
Statement of responsibility, etc. Ajdar Ullah
264 ## - PRODUCTION, PUBLICATION, DISTRIBUTION, MANUFACTURE, AND COPYRIGHT NOTICE
Place of production, publication, distribution, manufacture Islamabad :
Name of producer, publisher, distributor, manufacturer SMME- NUST;
Date of production, publication, distribution, manufacture, or copyright notice 2022.
300 ## - PHYSICAL DESCRIPTION
Extent 33p.
Other physical details Soft Copy
Dimensions 30cm
500 ## - GENERAL NOTE
General note Ageing and accidents all around the world are two of the main causes of disabilities. Even<br/>though it is quite expensive, rehabilitation is crucial for enhancing the mobility and quality of life<br/>of individuals with disabilities. For rehabilitation purposes, a variety of techniques are employed,<br/>including medication, homoeopathic remedies, and rehabilitative gadgets. Few hands<br/>rehabilitation gadgets are said to be a successful form of therapy, according to the literature. Due<br/>to developments, especially in the fields of robotics and artificial materials, the use of such<br/>devices without the assistance of medical professionals is expanding significantly. For hand<br/>disability, we have proposed the low-cost mechanical rehabilitation equipment<br/>EXOMECHHAND in this study, along with three distinct kinds of resistive plates. The therapist<br/>determines the type of resistive plate via Manual Muscle Testing.
650 ## - SUBJECT ADDED ENTRY--TOPICAL TERM
Topical term or geographic name entry element MS Biomedical Engineering (BME)
700 ## - ADDED ENTRY--PERSONAL NAME
Personal name Supervisor : Dr. Muhammad Asim Waris
856 ## - ELECTRONIC LOCATION AND ACCESS
Uniform Resource Identifier <a href="http://10.250.8.41:8080/xmlui/handle/123456789/30882">http://10.250.8.41:8080/xmlui/handle/123456789/30882</a>
942 ## - ADDED ENTRY ELEMENTS (KOHA)
Source of classification or shelving scheme
Koha item type Thesis
Holdings
Withdrawn status Permanent Location Current Location Shelving location Date acquired Full call number Barcode Koha item type
  School of Mechanical & Manufacturing Engineering (SMME) School of Mechanical & Manufacturing Engineering (SMME) E-Books 05/14/2024 610 SMME-TH-735 Thesis
© 2023 Central Library, National University of Sciences and Technology. All Rights Reserved.